[Event "Mauricie op"]
[Site "Trois-Rivieres CAN"]
[Date "2010.03.20"]
[Round "3"]
[White "Larochelle, Martial"]
[Black "Robichaud, Louis"]
[Result "1-0"]
[WhiteElo "2186"]
[BlackElo "2046"]
[PlyCount "113"]
[EventDate "2010.03.19"]
[EventType "swiss"]
[EventRounds "5"]
[EventCountry "CAN"]

1. e4 e5 2. Nf3 Nc6 3. d4 exd4 4. Nxd4 Bc5 5. Nxc6 Qf6 6. Qf3 Qxf3 7. gxf3 bxc6
8. Be3 Bb6 9. Rg1 Ne7 10. Nd2 d5 11. Nb3 Bxe3 12. fxe3 dxe4 13. f4 O-O 14. Nc5
Nd5 15. Kf2 Bf5 16. Rg5 Ne7 17. Bg2 h6 18. Rg3 Rfd8 19. Ke1 Rab8 20. b3 Nd5 21.
c4 Nf6 22. Bh3 Bxh3 23. Rxh3 Rd6 24. Rd1 Rbd8 25. Rxd6 cxd6 26. Nb7 Rd7 27. Na5
Rc7 28. Rg3 Kf8 29. Kd2 Ng8 30. b4 Ne7 31. Rg1 Nf5 32. Rc1 Ke7 33. c5 d5 34.
Nb3 Kd7 35. Re1 Rb7 36. Kc3 Rb8 37. a3 Kc7 38. Nd4 Nxd4 39. Kxd4 a5 40. Rb1
axb4 41. axb4 Ra8 42. b5 Ra4+ 43. Ke5 Ra8 44. b6+ Kd7 45. Rg1 g6 46. Kf6 Ra5
47. Rc1 Ra3 48. Kxf7 Rxe3 49. Rb1 Kc8 50. Ke6 Rf3 51. Kd6 Rxf4 52. b7+ Kb8 53.
Kxc6 e3 54. Kb6 Ra4 55. c6 d4 56. Ra1 Rb4+ 57. Kc5 1-0

[Event "Mauricie op"]
[Site "Trois-Rivieres CAN"]
[Date "2010.03.20"]
[Round "3"]
[White "Lemire-Paquin, Alexandre"]
[Black "Auger, Bertrand"]
[Result "0-1"]
[WhiteElo "2080"]
[BlackElo "1828"]
[PlyCount "52"]
[EventDate "2010.03.19"]
[EventType "swiss"]
[EventRounds "5"]
[EventCountry "CAN"]

1. e4 e6 2. d3 d5 3. Nd2 Nf6 4. Ngf3 c5 5. g3 Nc6 6. Bg2 Be7 7. O-O b6 8. c3
Bb7 9. Qe2 Qc7 10. e5 Nd7 11. Re1 g5 12. h3 O-O-O 13. Nf1 Rdg8 14. g4 h5 15. a4
Nf8 16. Be3 hxg4 17. hxg4 Ng6 18. Rec1 Nh4 19. Ng3 Nxg2 20. Kxg2 f6 21. exf6
Bxf6 22. Nh5 Rxh5 23. gxh5 g4 24. Ne1 Ne5 25. Bf4 Qh7 26. Bxe5 Qxh5 0-1

[Event "Mauricie op"]
[Site "Trois-Rivieres CAN"]
[Date "2010.03.20"]
[Round "3"]
[White "Libersan, Thierry"]
[Black "Rainfray, Arnaud"]
[Result "1/2-1/2"]
[WhiteElo "2122"]
[BlackElo "2386"]
[PlyCount "96"]
[EventDate "2010.03.19"]
[EventType "swiss"]
[EventRounds "5"]
[EventCountry "CAN"]

1. e4 e5 2. Nf3 Nc6 3. Bb5 a6 4. Ba4 Nf6 5. O-O Nxe4 6. d4 b5 7. Bb3 d5 8. dxe5
Be6 9. Nbd2 Nc5 10. c3 Qd7 11. Bc2 Bg4 12. h3 Bh5 13. Re1 Rd8 14. Nb3 Ne6 15.
Qe2 Be7 16. Bd2 O-O 17. Rad1 a5 18. Bc1 a4 19. Nbd2 Na5 20. Nf1 c6 21. Ng3 Bg6
22. Nf5 Bc5 23. N3h4 Rde8 24. Qg4 Qc7 25. b4 axb3 26. axb3 Qb6 27. Re2 b4 28.
Bd2 Rb8 29. cxb4 Bxb4 30. Bxb4 Qxb4 31. Qxb4 Rxb4 32. Ra1 Nxb3 33. Bxb3 Rxb3
34. Ne7+ Kh8 35. Nhxg6+ hxg6 36. Nxc6 Rc3 37. Nb4 Rd8 38. Rd2 d4 39. Nd3 Rd7
40. f4 Rb7 41. Kf2 Rbb3 42. Nc1 Rb5 43. Ne2 Rc4 44. Ra7 Kh7 45. Rxf7 d3 46.
Rxd3 Nxf4 47. Nxf4 Rxf4+ 48. Rf3 Rxf3+ 1/2-1/2

[Event "Mauricie op"]
[Site "Trois-Rivieres CAN"]
[Date "2010.03.20"]
[Round "3"]
[White "Luksza, Arkadiusz"]
[Black "Marinkovic, Mate"]
[Result "1/2-1/2"]
[WhiteElo "2207"]
[BlackElo "1794"]
[PlyCount "73"]
[EventDate "2010.03.19"]
[EventType "swiss"]
[EventRounds "5"]
[EventCountry "CAN"]

1. c4 e5 2. Nc3 Nc6 3. g3 g6 4. Bg2 d6 5. d3 Bg7 6. Nf3 Be6 7. O-O h6 8. Rb1
Qd7 9. b4 f5 10. Nd5 Nce7 11. Nd2 c6 12. Nxe7 Nxe7 13. b5 O-O 14. Ba3 Rab8 15.
Qa4 c5 16. Bb2 b6 17. Qc2 Qc7 18. e3 Bc8 19. f4 Bb7 20. Bxb7 Qxb7 21. Nf3 Qc7
22. Qc3 Rbe8 23. fxe5 dxe5 24. Nxe5 Nc6 25. bxc6 Rxe5 26. Qd2 Ree8 27. Bxg7
Kxg7 28. d4 cxd4 29. Qxd4+ Rf6 30. c5 Qxc6 31. cxb6 axb6 32. Rfc1 Qd6 33. Kf2
Re4 34. Qc3 g5 35. Rd1 Qc6 36. Rbc1 Qxc3 37. Rxc3 1/2-1/2

[Event "Mauricie op"]
[Site "Trois-Rivieres CAN"]
[Date "2010.03.20"]
[Round "3"]
[White "Panayotov, Ivo"]
[Black "Mai, Lloyd"]
[Result "0-1"]
[WhiteElo "2037"]
[BlackElo "2294"]
[PlyCount "89"]
[EventDate "2010.03.19"]
[EventType "swiss"]
[EventRounds "5"]
[EventCountry "CAN"]

1. d4 Nf6 2. c4 g6 3. Nc3 Bg7 4. e4 d6 5. Bd3 O-O 6. Nge2 c5 7. d5 e6 8. Bg5 h6
9. Bd2 exd5 10. exd5 Nbd7 11. f4 Re8 12. O-O Ng4 13. Rf3 f5 14. Qc2 Nf8 15. Re1
Bd7 16. Nd1 a6 17. h3 Nf6 18. Ng3 b5 19. Rfe3 bxc4 20. Bxc4 Rxe3 21. Rxe3 h5
22. Nf2 Qb6 23. Rb3 Qc7 24. Ra3 a5 25. Re3 Re8 26. Qd3 h4 27. Ne2 Ne4 28. Bc1
Qb6 29. Nxe4 fxe4 30. Qc2 Bd4 31. Nxd4 cxd4 32. Rb3 Qc5 33. Rb7 d3+ 34. Qf2
Qxc4 35. Be3 Qxd5 36. Rc7 Rc8 37. Rxc8 Bxc8 38. Bd4 Ne6 39. Bc3 Qc5 40. Qxc5
Nxc5 41. Bxa5 e3 42. Kf1 d2 43. Ke2 Ba6+ 44. Kd1 Ne4 45. Bxd2 0-1

[Event "Mauricie op"]
[Site "Trois-Rivieres CAN"]
[Date "2010.03.20"]
[Round "3"]
[White "Poulin, Mathieu"]
[Black "Prahov, Valentin"]
[Result "1/2-1/2"]
[WhiteElo "1894"]
[BlackElo "2206"]
[PlyCount "71"]
[EventDate "2010.03.19"]
[EventType "swiss"]
[EventRounds "5"]
[EventCountry "CAN"]

1. d4 Nf6 2. c4 g6 3. Nc3 d5 4. cxd5 Nxd5 5. e3 Bg7 6. Bc4 Nxc3 7. bxc3 c5 8.
Nf3 O-O 9. O-O Qc7 10. Bd3 Nd7 11. Rb1 b6 12. a4 Bb7 13. Ba3 Rad8 14. Qe2 e5
15. Bb5 Rfe8 16. Rfd1 exd4 17. cxd4 Bc6 18. Bxc6 Qxc6 19. Qb5 Qxb5 20. axb5
cxd4 21. Nxd4 Bxd4 22. Rxd4 Nc5 23. Rbd1 Rxd4 24. Rxd4 Re7 25. Kf1 f6 26. Rd8+
Kg7 27. Rc8 Re5 28. Rc7+ Kh6 29. Bxc5 bxc5 30. Rxa7 c4 31. Rc7 Rxb5 32. Rxc4
Rb2 33. g3 f5 34. Kg2 Ra2 35. h3 Kg5 36. Rc7 1/2-1/2

[Event "Mauricie op"]
[Site "Trois-Rivieres CAN"]
[Date "2010.03.20"]
[Round "3"]
[White "Ramaswamy, Kishor"]
[Black "Plante, Michel"]
[Result "1-0"]
[WhiteElo "2243"]
[BlackElo "2080"]
[PlyCount "39"]
[EventDate "2010.03.19"]
[EventType "swiss"]
[EventRounds "5"]
[EventCountry "CAN"]

1. d4 f5 2. Bg5 d6 3. e3 Nd7 4. Bd3 g6 5. Bxf5 Bg7 6. Bd3 Ngf6 7. Nf3 O-O 8.
Nbd2 e5 9. dxe5 dxe5 10. Ne4 Qe8 11. Nfd2 Kh8 12. O-O h6 13. Bh4 g5 14. Bg3 Nh5
15. Qe2 Nf4 16. exf4 exf4 17. c3 Ne5 18. Bc2 fxg3 19. Nxg3 Bg4 20. Qe4 1-0

[Event "Mauricie op"]
[Site "Trois-Rivieres CAN"]
[Date "2010.03.20"]
[Round "3"]
[White "Trottier, Yves"]
[Black "Allard, Laurent"]
[Result "0-1"]
[WhiteElo "1919"]
[BlackElo "1862"]
[PlyCount "86"]
[EventDate "2010.03.19"]
[EventType "swiss"]
[EventRounds "5"]
[EventCountry "CAN"]

1. e4 c5 2. Nc3 Nc6 3. g3 d6 4. Bg2 g6 5. f4 Bg7 6. Nf3 e6 7. O-O Nge7 8. d3
O-O 9. Be3 a6 10. d4 cxd4 11. Nxd4 Qc7 12. Rf2 Na5 13. Bf1 b5 14. Rd2 Rd8 15.
Rb1 Bb7 16. a3 Nc4 17. Bxc4 Qxc4 18. Qf1 Qxf1+ 19. Kxf1 Nc6 20. Rbd1 Na5 21.
Rd3 Nc4 22. Bc1 Rac8 23. Nde2 Rc6 24. Nd4 Bxd4 25. Rxd4 Nxa3 26. bxa3 Rxc3 27.
Rxd6 Rxd6 28. Rxd6 Rxc2 29. Be3 Rc8 30. e5 Rc3 31. Bb6 Rxa3 32. Rd7 Bd5 33.
Rd8+ Kg7 34. Bc5 Ra1+ 35. Kf2 Ra2+ 36. Kg1 g5 37. Be7 gxf4 38. Bf6+ Kh6 39.
gxf4 Kg6 40. h4 Kf5 41. Bg5 b4 42. Rh8 b3 43. Rxh7 b2 0-1

[Event "Mauricie op"]
[Site "Trois-Rivieres CAN"]
[Date "2010.03.20"]
[Round "3"]
[White "Valley, Michel"]
[Black "Schommer, Philippe"]
[Result "1-0"]
[WhiteElo "2017"]
[BlackElo "1784"]
[PlyCount "65"]
[EventDate "2010.03.19"]
[EventType "swiss"]
[EventRounds "5"]
[EventCountry "CAN"]

1. e4 d6 2. d4 Nf6 3. Nc3 Nbd7 4. Be3 e5 5. d5 c6 6. f3 Be7 7. Qd2 cxd5 8. Nxd5
Nxd5 9. Qxd5 O-O 10. Qd2 Nb6 11. c4 Be6 12. b3 f5 13. Bd3 f4 14. Bf2 a5 15. Ne2
Nd7 16. O-O Qe8 17. Nc3 Qh5 18. Nd5 Bxd5 19. cxd5 b6 20. Bb5 Nc5 21. Bc6 Rab8
22. Bxc5 dxc5 23. d6 Bf6 24. d7 Kh8 25. Rfd1 Qf7 26. Qc3 Qe6 27. Bb5 Rfd8 28.
Rd5 g5 29. Rad1 Qe7 30. Rd6 Qg7 31. Re6 Rf8 32. Rdd6 g4 33. Rxf6 1-0

[Event "Mauricie op"]
[Site "Trois-Rivieres CAN"]
[Date "2010.03.20"]
[Round "3"]
[White "Wilkin, Alain"]
[Black "Chabot, Roland"]
[Result "1/2-1/2"]
[WhiteElo "1931"]
[BlackElo "2249"]
[PlyCount "104"]
[EventDate "2010.03.19"]
[EventType "swiss"]
[EventRounds "5"]
[EventCountry "CAN"]

1. e4 c5 2. Nf3 e6 3. d3 Nc6 4. g3 d5 5. Nbd2 Nf6 6. Bg2 Be7 7. O-O O-O 8. e5
Nd7 9. Re1 b5 10. h4 a5 11. Nf1 b4 12. Bf4 a4 13. a3 bxa3 14. bxa3 Rb8 15. Ne3
Rb2 16. Qc1 Qb6 17. Nd1 Rb5 18. Nc3 Ra5 19. Qd2 Ba6 20. Reb1 Qa7 21. h5 c4 22.
d4 Rb8 23. Re1 Bc8 24. g4 Ra6 25. g5 g6 26. hxg6 hxg6 27. Be3 Na5 28. Qd1 Kf8
29. Nh2 Ke8 30. Ng4 Bb7 31. Nh6 Bc6 32. Qf3 Nf8 33. Qxf7+ Kd8 34. Qf3 Rb2 35.
Nf7+ Kc8 36. Nd6+ Kb8 37. Rab1 Rxb1 38. Rxb1+ Rb6 39. Rd1 Qd7 40. Bh3 Ka8 41.
Bf4 Rb2 42. Rc1 Rb8 43. Qe3 Nh7 44. Qg3 Rf8 45. Bd2 Nb7 46. Nxb7 Bxb7 47. Bg2
Bc6 48. Rd1 Rb8 49. Bc1 Qd8 50. f4 Nf8 51. Qg4 Qa5 52. Qf3 Qa7 1/2-1/2

[Event "Mauricie op"]
[Site "Trois-Rivieres CAN"]
[Date "2010.03.21"]
[Round "4"]
[White "Abran, David"]
[Black "Xiong, Jerry"]
[Result "0-1"]
[WhiteElo "1732"]
[BlackElo "2084"]
[PlyCount "39"]
[EventDate "2010.03.19"]
[EventType "swiss"]
[EventRounds "5"]
[EventCountry "CAN"]

1. b3 d5 2. f4 Nc6 3. Bb2 Nf6 4. Nf3 g6 5. e3 Bg7 6. Be2 O-O 7. d3 Re8 8. Nbd2
Ng4 9. Bxg7 Nxe3 10. Qc1 Kxg7 11. Kf2 Ng4+ 12. Kg3 Nf6 13. Nf1 Qd6 14. Kf2 Qc5+
15. Ke1 e5 16. fxe5 Nxe5 17. Nxe5 Qc3+ 18. Nd2 Rxe5 19. h3 Nh5 20. Kd1 0-1

[Event "Mauricie op"]
[Site "Trois-Rivieres CAN"]
[Date "2010.03.21"]
[Round "4"]
[White "Allard, Laurent"]
[Black "Desjardins, Michel"]
[Result "1/2-1/2"]
[WhiteElo "1862"]
[BlackElo "2031"]
[PlyCount "79"]
[EventDate "2010.03.19"]
[EventType "swiss"]
[EventRounds "5"]
[EventCountry "CAN"]

1. e4 d5 2. exd5 Qxd5 3. Nc3 Qd6 4. d4 Nf6 5. Nf3 a6 6. Be2 Bf5 7. O-O Nc6 8.
a3 h6 9. Be3 e6 10. Qd2 Rd8 11. Rad1 Be7 12. Qc1 Nd5 13. Nxd5 exd5 14. Bf4 Qd7
15. Bd3 Bg4 16. Be2 Bd6 17. Rfe1 Be6 18. Bxd6 Qxd6 19. c4 O-O 20. c5 Qd7 21.
Qf4 Bf5 22. Bd3 Bxd3 23. Rxd3 Rfe8 24. Rde3 Rxe3 25. Qxe3 f6 26. Qb3 Rb8 27. h3
Kf7 28. Re3 Na5 29. Qd1 Re8 30. Rxe8 Qxe8 31. Nd2 g6 32. Kh2 Qe6 33. Qf3 Nc6
34. Qf4 Qd7 35. Nf3 Kg7 36. h4 f5 37. Qg3 Nd8 38. Qf4 c6 39. g4 Nf7 40. b4
1/2-1/2

[Event "Mauricie op"]
[Site "Trois-Rivieres CAN"]
[Date "2010.03.21"]
[Round "4"]
[White "Auger, Bertrand"]
[Black "Panayotov, Ivo"]
[Result "1-0"]
[WhiteElo "1828"]
[BlackElo "2037"]
[PlyCount "85"]
[EventDate "2010.03.19"]
[EventType "swiss"]
[EventRounds "5"]
[EventCountry "CAN"]

1. Nf3 Nf6 2. g3 g6 3. b4 d5 4. Bg2 Bg7 5. Bb2 O-O 6. d3 Qd6 7. a3 Nbd7 8. Nbd2
e5 9. c4 c6 10. Qc2 b6 11. cxd5 cxd5 12. Rc1 Ne8 13. O-O Bb7 14. e4 d4 15. Qb3
b5 16. a4 a6 17. a5 Bh6 18. Rc2 Nef6 19. h4 Bxd2 20. Nxd2 Ng4 21. Nf3 h6 22.
Bh3 Ndf6 23. Nh2 Bc8 24. Rxc8 Raxc8 25. Nxg4 Nxg4 26. Bxg4 Rc6 27. f4 exf4 28.
Rxf4 g5 29. hxg5 hxg5 30. Rf3 Qc7 31. Qd5 Rd6 32. Qc5 Qd8 33. Rf5 f6 34. Rd5
Rxd5 35. Be6+ Kg7 36. Bxd5 Qb8 37. Kg2 g4 38. Bxd4 Kg6 39. Be6 f5 40. Bxf5+
Rxf5 41. Qxf5+ Kh6 42. Qf6+ Kh5 43. Qf7+ 1-0

[Event "Mauricie op"]
[Site "Trois-Rivieres CAN"]
[Date "2010.03.21"]
[Round "4"]
[White "Fortier, Marc-Andre"]
[Black "Poulin, Mathieu"]
[Result "1-0"]
[WhiteElo "2125"]
[BlackElo "1894"]
[PlyCount "55"]
[EventDate "2010.03.19"]
[EventType "swiss"]
[EventRounds "5"]
[EventCountry "CAN"]

1. e4 c6 2. d4 d5 3. f3 e6 4. Nc3 Nf6 5. Bg5 Be7 6. Qd2 h6 7. Be3 b6 8. O-O-O
Ba6 9. e5 Nfd7 10. f4 c5 11. Nf3 Bxf1 12. Rhxf1 Nc6 13. Kb1 a6 14. f5 cxd4 15.
fxe6 fxe6 16. Nxd4 Nxd4 17. Bxd4 Bc5 18. Qd3 Qg5 19. Nxd5 exd5 20. Bxc5 Qxg2
21. Bd6 Qe4 22. Qh3 O-O-O 23. Rde1 Qg6 24. Rg1 Qh7 25. e6 Nf6 26. Qc3+ Kb7 27.
Qc7+ Ka8 28. Rxg7 1-0

[Event "Mauricie op"]
[Site "Trois-Rivieres CAN"]
[Date "2010.03.21"]
[Round "4"]
[White "Luo, Zhao Yang"]
[Black "Valley, Michel"]
[Result "1/2-1/2"]
[WhiteElo "1895"]
[BlackElo "2017"]
[PlyCount "77"]
[EventDate "2010.03.19"]
[EventType "swiss"]
[EventRounds "5"]
[EventCountry "CAN"]

1. d4 Nf6 2. c4 g6 3. Nc3 Bg7 4. e4 d6 5. Nf3 O-O 6. Be2 Nc6 7. O-O e5 8. d5
Ne7 9. b4 Nh5 10. Ne1 Nf4 11. Nd3 f5 12. f3 g5 13. Be3 h5 14. Rc1 Nxd3 15. Bxd3
f4 16. Bf2 Qe8 17. Nb5 Qg6 18. Nxc7 g4 19. Bh4 Bf6 20. Bxf6 Rxf6 21. Ne6 Bxe6
22. dxe6 Kg7 23. c5 Rxe6 24. Bc4 Rf6 25. Bd5 Nc6 26. Bxc6 bxc6 27. Qe2 gxf3 28.
Rxf3 d5 29. Re1 d4 30. a4 Rf7 31. b5 Kh6 32. Qc4 Rg7 33. Re2 Rb8 34. Kf1 Rgb7
35. Rb3 Qf7 36. Qxf7 Rxf7 37. Reb2 cxb5 38. axb5 Rc7 39. c6 1/2-1/2

[Event "Mauricie op"]
[Site "Trois-Rivieres CAN"]
[Date "2010.03.21"]
[Round "4"]
[White "Mai, Lloyd"]
[Black "Larochelle, Martial"]
[Result "1-0"]
[WhiteElo "2294"]
[BlackElo "2186"]
[PlyCount "41"]
[EventDate "2010.03.19"]
[EventType "swiss"]
[EventRounds "5"]
[EventCountry "CAN"]

1. e4 c5 2. Nf3 d6 3. d4 cxd4 4. Nxd4 Nf6 5. Nc3 a6 6. f4 e5 7. Nf3 Nbd7 8. a4
Be7 9. Bd3 O-O 10. O-O exf4 11. Bxf4 Qb6+ 12. Kh1 Qxb2 13. Nd5 Nxd5 14. exd5
Qb6 15. Ng5 Nf6 16. Qe2 Re8 17. Be3 Qc7 18. Nxh7 Nxd5 19. Qh5 Be6 20. Bd4 Qd7
21. Nf8 1-0

[Event "Mauricie op"]
[Site "Trois-Rivieres CAN"]
[Date "2010.03.21"]
[Round "4"]
[White "Plante, Michel"]
[Black "Wilkin, Alain"]
[Result "0-1"]
[WhiteElo "2080"]
[BlackElo "1931"]
[PlyCount "90"]
[EventDate "2010.03.19"]
[EventType "swiss"]
[EventRounds "5"]
[EventCountry "CAN"]

1. f4 d5 2. Nf3 Nf6 3. g3 b6 4. Bg2 Bb7 5. O-O e6 6. c3 Nbd7 7. d3 Be7 8. Nbd2
Qb8 9. Qe1 O-O 10. h3 c6 11. e4 dxe4 12. dxe4 Ba6 13. c4 e5 14. f5 Nc5 15. Qe2
Rd8 16. Ne1 Qd6 17. Kh2 Nd3 18. Nef3 b5 19. b3 Nxc1 20. Raxc1 Nd7 21. Rfd1 Qb8
22. cxb5 Bxb5 23. Nc4 Qc7 24. Qc2 Bxc4 25. Qxc4 Rac8 26. Ne1 Nb6 27. Qe2 Rxd1
28. Rxd1 c5 29. Bf1 h6 30. Qc2 Kf8 31. Bc4 Rd8 32. Rxd8+ Qxd8 33. Qd3 Qc7 34.
Nc2 Nxc4 35. Qxc4 Qa5 36. Qd5 Ke8 37. Qc6+ Kd8 38. Qd5+ Ke8 39. a4 Qb6 40. Qd3
c4 41. bxc4 Qf2+ 42. Kh1 Bc5 43. Qd1 Qxg3 44. Qf1 Qc3 45. Ne1 Qe3 0-1

[Event "Mauricie op"]
[Site "Trois-Rivieres CAN"]
[Date "2010.03.21"]
[Round "4"]
[White "Prahov, Valentin"]
[Black "Szalay, Karoly"]
[Result "1/2-1/2"]
[WhiteElo "2206"]
[BlackElo "2167"]
[PlyCount "62"]
[EventDate "2010.03.19"]
[EventType "swiss"]
[EventRounds "5"]
[EventCountry "CAN"]

1. e4 e5 2. Nf3 Nc6 3. Bc4 Nf6 4. Ng5 d5 5. exd5 Na5 6. Bb5+ c6 7. dxc6 bxc6 8.
Be2 h6 9. Nf3 e4 10. Ne5 Bd6 11. f4 Qe7 12. O-O Bxe5 13. fxe5 Qxe5 14. d4 exd3
15. Qxd3 Be6 16. Bf4 Qe4 17. Nc3 Qxd3 18. Bxd3 Nd5 19. Be5 O-O 20. Rae1 Nb7 21.
Rf3 Nc5 22. Bc4 Rfe8 23. Nxd5 Bxd5 24. Bxd5 cxd5 25. Rfe3 Ne4 26. Bd4 Rac8 27.
R1e2 Rc6 28. Ra3 a6 29. Ra5 Rd6 30. Bc5 Rde6 31. Bd4 Rd8 1/2-1/2

[Event "Mauricie op"]
[Site "Trois-Rivieres CAN"]
[Date "2010.03.21"]
[Round "4"]
[White "Rainfray, Arnaud"]
[Black "Luksza, Arkadiusz"]
[Result "1-0"]
[WhiteElo "2386"]
[BlackElo "2207"]
[PlyCount "141"]
[EventDate "2010.03.19"]
[EventType "swiss"]
[EventRounds "5"]
[EventCountry "CAN"]

1. e4 d6 2. d4 g6 3. g3 Bg7 4. Bg2 Nf6 5. Nc3 Nbd7 6. Nge2 e5 7. O-O O-O 8. h3
c6 9. a4 Re8 10. Re1 exd4 11. Nxd4 d5 12. exd5 Rxe1+ 13. Qxe1 Nxd5 14. Nxd5
cxd5 15. Nb5 a6 16. Nc3 Nf6 17. Bg5 Be6 18. Rd1 Qb6 19. Bxf6 Bxf6 20. Nxd5 Bxd5
21. Rxd5 Qxb2 22. Rd7 Qxc2 23. Bd5 Qc3 24. Qb1 Qa1 25. Qxa1 Bxa1 26. Rxf7 Kh8
27. Bxb7 Rd8 28. Bxa6 Rd4 29. Bb5 Bc3 30. h4 Rd2 31. Kg2 Ra2 32. g4 Bd4 33. g5
Bc5 34. Kg3 Bd4 35. f3 Bf2+ 36. Kg4 Ra1 37. Kh3 Kg8 38. Rf6 Kg7 39. Bc6 Be3 40.
f4 Ra3 41. Kg2 Ra2+ 42. Kf3 Ra3 43. Ke2 Bc5 44. Bd7 Ra2+ 45. Kd3 Ra3+ 46. Kc4
Bf2 47. Kb4 Ra1 48. Be6 Bxh4 49. Rf7+ Kg8 50. Rd7+ Kf8 51. Rxh7 Bg3 52. f5 Re1
53. Bc4 gxf5 54. Rf7+ Ke8 55. Rxf5 Rg1 56. g6 Be1+ 57. Kb5 Bc3 58. Bf7+ Ke7 59.
Ka6 Rd1 60. a5 Rg1 61. Kb6 Rb1+ 62. Rb5 Bd4+ 63. Kc6 Ra1 64. Kb7 Kf6 65. a6 Kg7
66. Rb4 Be3 67. Be8 Bg1 68. Rg4 Rb1+ 69. Ka8 Bc5 70. Rc4 Bg1 71. Rc7+ 1-0

[Event "Mauricie op"]
[Site "Trois-Rivieres CAN"]
[Date "2010.03.21"]
[Round "4"]
[White "Robichaud, Louis"]
[Black "Lepine, Cedric"]
[Result "1/2-1/2"]
[WhiteElo "2046"]
[BlackElo "1841"]
[PlyCount "66"]
[EventDate "2010.03.19"]
[EventType "swiss"]
[EventRounds "5"]
[EventCountry "CAN"]

1. e4 e5 2. Nf3 Nc6 3. Bb5 d6 4. Bxc6+ bxc6 5. d4 exd4 6. Qxd4 Be7 7. O-O Nf6
8. e5 c5 9. Qd3 dxe5 10. Qxd8+ Bxd8 11. Nxe5 O-O 12. Be3 Be7 13. Nc3 Bd6 14.
Nd3 c4 15. Nf4 Bf5 16. h3 Rab8 17. b3 Be5 18. Nfe2 Bxc2 19. bxc4 Bd3 20. Rad1
Bxc4 21. Rfe1 a6 22. Bd4 Rfe8 23. Ng3 Bxd4 24. Rxe8+ Rxe8 25. Rxd4 Be6 26. Ra4
Ra8 27. Ra5 c6 28. f3 g6 29. Kf2 Kf8 30. Nge4 Nxe4+ 31. Nxe4 Ke7 32. Ke3 Bd5
33. Nc3 Be6 1/2-1/2

[Event "Mauricie op"]
[Site "Trois-Rivieres CAN"]
[Date "2010.03.21"]
[Round "5"]
[White "Bolduc, Steve"]
[Black "Fortier, Marc-Andre"]
[Result "1/2-1/2"]
[WhiteElo "2308"]
[BlackElo "2125"]
[PlyCount "107"]
[EventDate "2010.03.19"]
[EventType "swiss"]
[EventRounds "5"]
[EventCountry "CAN"]

1. c4 e5 2. Nc3 Nc6 3. g3 g6 4. Bg2 Bg7 5. d3 d6 6. Rb1 Be6 7. b4 Qd7 8. b5 Nd8
9. Bd2 Ne7 10. e4 O-O 11. Nge2 Bh3 12. O-O Bxg2 13. Kxg2 f5 14. f3 Ne6 15. Nd5
Nc8 16. Be3 c6 17. Ndc3 Nd4 18. Bg1 Ne7 19. Qa4 fxe4 20. dxe4 c5 21. Bxd4 exd4
22. Nd1 Bh6 23. Nf2 Qe6 24. Qb3 Rae8 25. a4 Be3 26. Nd1 Bh6 27. Nf2 Be3 28. Nd1
Bh6 29. Nf2 g5 30. Rbe1 Ng6 31. Nd3 g4 32. f4 Qxe4+ 33. Kg1 Qe3+ 34. Kh1 Qd2
35. Nec1 Nxf4 36. gxf4 Bxf4 37. Qb2 Rxe1 38. Rxe1 Qxb2 39. Nxb2 Bxc1 40. Rxc1
Rf2 41. Rb1 b6 42. Nd3 Rd2 43. Nf4 Rc2 44. a5 bxa5 45. Ra1 Rxc4 46. Rxa5 Rc1+
47. Kg2 Rb1 48. Rxa7 Rxb5 49. Nd5 c4 50. Nf6+ Kf8 51. Nxh7+ Ke8 52. Nf6+ Kf8
53. Nh7+ Kg8 54. Nf6+ 1/2-1/2

[Event "Mauricie op"]
[Site "Trois-Rivieres CAN"]
[Date "2010.03.21"]
[Round "5"]
[White "Larochelle, Martial"]
[Black "Chabot, Roland"]
[Result "0-1"]
[WhiteElo "2186"]
[BlackElo "2249"]
[PlyCount "106"]
[EventDate "2010.03.19"]
[EventType "swiss"]
[EventRounds "5"]
[EventCountry "CAN"]

1. c4 e5 2. g3 d6 3. Bg2 f5 4. Nc3 Nf6 5. d3 Be7 6. e4 Nc6 7. Nge2 O-O 8. O-O
Qe8 9. Nd5 Bd8 10. f3 Kh8 11. Be3 Ne7 12. Qd2 c6 13. Nxe7 Qxe7 14. Nc3 Bc7 15.
Rae1 fxe4 16. dxe4 Be6 17. b3 a6 18. Rd1 b5 19. cxb5 axb5 20. Rf2 Ra3 21. Qc1
Raa8 22. Rfd2 Rfb8 23. Bf1 Rb7 24. Qb2 Ne8 25. b4 Nf6 26. Be2 Nd7 27. Kg2 Nb6
28. a3 Nc4 29. Bxc4 Bxc4 30. Rc1 Qf7 31. Rcd1 Qe7 32. Rc1 Qf7 33. Rcd1 Bb3 34.
Re1 Be6 35. Nd1 Bc4 36. Nc3 d5 37. exd5 cxd5 38. Bc5 Rbb8 39. Red1 Rd8 40. Qc1
h6 41. Qa1 Qe6 42. Re1 Qf5 43. Rf2 h5 44. Qb2 Re8 45. h4 Qg6 46. Qc1 Bd8 47.
Kh2 Bf6 48. Rd1 Rad8 49. a4 bxa4 50. Rdd2 Bb3 51. Qa3 e4 52. Nd1 exf3 53. Rxf3
Bxd1 0-1

[Event "Mauricie op"]
[Site "Trois-Rivieres CAN"]
[Date "2010.03.21"]
[Round "5"]
[White "Mai, Lloyd"]
[Black "Rainfray, Arnaud"]
[Result "0-1"]
[WhiteElo "2294"]
[BlackElo "2386"]
[PlyCount "130"]
[EventDate "2010.03.19"]
[EventType "swiss"]
[EventRounds "5"]
[EventCountry "CAN"]

1. e4 e5 2. Nf3 Nc6 3. Bc4 Nf6 4. d3 Bc5 5. Nc3 a6 6. a4 d6 7. h3 Be6 8. Nd5
Bxd5 9. exd5 Ne7 10. c3 Qd7 11. b4 Ba7 12. Qb3 b5 13. axb5 axb5 14. Ra3 bxc4
15. dxc4 O-O 16. Qa2 e4 17. Nd4 Bxd4 18. Rxa8 Bxc3+ 19. Bd2 Bxd2+ 20. Kxd2 Qf5
21. Rxf8+ Kxf8 22. Ke2 Ng6 23. Re1 Nf4+ 24. Kf1 g5 25. Kg1 Nd3 26. Rf1 g4 27.
h4 Ne5 28. Qd2 Kg7 29. Qg5+ Qxg5 30. hxg5 Nfd7 31. Re1 Nxc4 32. Rxe4 Nce5 33.
Kh2 Kg6 34. Kg3 Kxg5 35. f4+ gxf3 36. gxf3 Kf5 37. Rf4+ Kg6 38. Rd4 Nf6 39. Rd1
Kf5 40. Kf2 h5 41. b5 Ned7 42. Rg1 Nxd5 43. Rg7 Kf6 44. Rh7 Kg6 45. Rh8 Nc3 46.
Rd8 Nb6 47. Rg8+ Kh7 48. Rg1 Kh6 49. Rg8 Nxb5 50. Rh8+ Kg6 51. Rg8+ Kf5 52. Rh8
Ke5 53. Rxh5+ f5 54. Rh8 Nd5 55. Re8+ Kd4 56. Rf8 f4 57. Ke2 Kc3 58. Re8 Nd4+
59. Kf2 Nb4 60. Ra8 c5 61. Rf8 d5 62. Ke1 Nxf3+ 63. Kd1 Nd3 64. Ra8 Nfe5 65.
Ra2 Kd4 0-1

[Event "Mauricie op"]
[Site "Trois-Rivieres CAN"]
[Date "2010.03.21"]
[Round "5"]
[White "Panayotov, Ivo"]
[Black "Allard, Laurent"]
[Result "1-0"]
[WhiteElo "2037"]
[BlackElo "1862"]
[PlyCount "91"]
[EventDate "2010.03.19"]
[EventType "swiss"]
[EventRounds "5"]
[EventCountry "CAN"]

1. d4 Nf6 2. c4 g6 3. Nc3 Bg7 4. e4 d6 5. Bd3 O-O 6. Nge2 e5 7. d5 Nbd7 8. O-O
a5 9. Na4 b6 10. Nac3 Nc5 11. Bg5 Qd7 12. Qc2 Nh5 13. f3 Bb7 14. g4 Nf6 15. Ng3
Ba6 16. Kg2 Rfb8 17. Nb5 Bxb5 18. cxb5 a4 19. b4 axb3 20. axb3 Nxd3 21. Qxd3
Ra5 22. b4 Qxb5 23. Qxb5 Rxb5 24. Bd2 Nxd5 25. exd5 Rxd5 26. Ra2 c5 27. bxc5
bxc5 28. g5 Rd3 29. Ne4 c4 30. Rc1 Rc8 31. Rc3 d5 32. Rxd3 cxd3 33. Nc3 d4 34.
Ne4 Bf8 35. Nf2 Be7 36. Nxd3 f6 37. gxf6 Bxf6 38. Nf2 Rb8 39. Ne4 Be7 40. Ra5
Bb4 41. Bxb4 Rxb4 42. Rxe5 Rb2+ 43. Kg3 h6 44. Rd5 Rb4 45. Rd7 h5 46. h4 1-0

[Event "Mauricie op"]
[Site "Trois-Rivieres CAN"]
[Date "2010.03.21"]
[Round "5"]
[White "Plante, Michel"]
[Black "Abran, David"]
[Result "1-0"]
[WhiteElo "2080"]
[BlackElo "1732"]
[PlyCount "49"]
[EventDate "2010.03.19"]
[EventType "swiss"]
[EventRounds "5"]
[EventCountry "CAN"]

1. f4 d5 2. Nf3 Nf6 3. d3 c5 4. g3 Nc6 5. Bg2 e6 6. O-O b6 7. c3 Bb7 8. Qa4 Bd6
9. e4 dxe4 10. dxe4 Bc7 11. e5 Nd5 12. Rd1 Qe7 13. c4 Ndb4 14. a3 Na6 15. Nd4
O-O 16. Bxc6 Bxc6 17. Nxc6 Qe8 18. Qxa6 Qxc6 19. Nc3 f6 20. exf6 Rxf6 21. Nb5
Re8 22. Nxc7 Qxc7 23. Qb5 Re7 24. Bd2 e5 25. Bc3 1-0